000 00523nam a2200181Ia 4500
008 090123s9999 xx 000 0 und d
082 _b13830
_a891.463/कांबळी
100 _aकांबळी दिवाकर
245 _aपरळ -68
250 _a1
260 _bडिंपल प्रकाशन
300 _a164
600 _aकांबळी दिवाकर
630 _aपरळ -68
700 _aकांबळी दिवाकर
730 _aपरळ -68
942 _cBOOK
999 _c51892
_d51892